000
00324nam a2200109Ia 4500
008
200302s9999 xx 000 0 und d
100
_a
D. K. Bubbar
245
_a
The Spirit of Indian achitectureVedantic wisdom of architecture for building harmonious spaces and life
260
_b
Rupa Co.Ltd
260
_c
2005
300
_a
376
999
_c
6937
_d
6937